Organic agriculture worldwide directory of IFOAM affiliates 2011.
| Format: | Book |
|---|---|
| Published: |
Bonn, Germany:
International Federation of Organic Agriculture Movements,
2011.
|
| Subjects: |
| LEADER | 00524cam a2200145 7i4500 | ||
|---|---|---|---|
| 001 | 0000026229 | ||
| 005 | 20110429090000.0 | ||
| 020 | 0 | 0 | |a 9783940946850 |
| 090 | 0 | 0 | |a I 631.5025 |b ORG |
| 245 | 0 | 0 | |a Organic agriculture worldwide directory of IFOAM affiliates 2011. |
| 260 | 0 | 0 | |a Bonn, Germany: |b International Federation of Organic Agriculture Movements, |c 2011. |
| 300 | # | # | |a 101 p. |
| 650 | 0 | 0 | |a Agriculture -- |x Directories |
| 650 | 0 | 0 | |a Organic agriculture -- |x Directories |
| 999 | |a 0000028477 |b Book |c International |e Business Information Centre | ||


